00374nmm a22001337a 450000500170000000800410001704100080005808200110006610000290007724500860010626000090019265000150020165000240021620160610093453.0150728b xxu||||| |||| 00| 0 spa d aspa aMD 121 aAguilar Campos, Fabián aInforme de Práctica Supervisada realizado en Smith-Sterling Dental Laboratories c2013 aCOSTA RICA aCORONA DE PORCELANA